01720cam a2200217 4500001000500000005001700005008003900022010001700061020001500078020001800093100003800111245014600149250001200295260003500307300002200342504005100364520101700415650003001432700002101462700001901483409220181127172612.0060508s2007 nyu b 001 0 eng a 2006015356 a0307346250 a97803073462540 aRinpoche, Yongey Mingyurcd1976-14aThe joy of living :bunlocking the secret and science of happiness /cYongey Mingyur Rinpoche with Eric Swanson ; foreword by Daniel Goleman. a1st ed. aLondon :bBantam Books,c2007. aix, 272 ;c24 cm. aIncludes bibliographical references and index. aBuddhists have enjoyed the benefits of meditation for millennia. Here, renowned Buddhist teacher Yongey Mingyur invites us to join him in unlocking the secrets behind this practice. Working with neuroscientists at the Waisman Laboratory for Brain Imaging and Behavior, Yongey Mingyur provides insights into modern research indicating that systematic training in meditation can enhance activity in areas of the brain associated with happiness and compassion. He has also worked with physicists across the country to develop a scientifically based interpretation of the Buddhist understanding of the nature of reality. Yongey Mingyur weaves together the principles of Tibetan Buddhism, neuroscience, and quantum physics in a way that will change the way we understand the human experience. Using the basic meditation practices he provides, we can discover paths through everyday problems, transforming obstacles into opportunities to recognize the unlimited potential of our own minds.--From publisher description. 0aReligious lifexBuddhism.1 aGoleman, Daniel.1 aSwanson, Eric.